[Event "CRO Team Cup 2019"]
[Site "Losinj"]
[Date "2019.05.15"]
[Round "1.19"]
[White "Bobanac, Miro"]
[Black "Egerc, Josip"]
[Result "1-0"]
[WhiteElo "2304"]
[BlackElo "2065"]
[Annotator "TA"]
[PlyCount "135"]
[EventDate "2019.05.15"]
[EventType "team-tourn"]
[EventCountry "CRO"]
[SourceTitle "playchess.com"]
[Source "ChessBase"]
[SourceQuality "1"]

{[%evp 9,135,62,72,36,59,35,35,26,42,37,26,26,75,68,62,68,78,12,12,10,18,17,60,31,74,48,47,11,42,39,90,85,83,46,80,86,89,90,87,83,113,98,149,149,149,147,147,147,162,115,128,131,127,115,261,261,261,261,254,253,235,170,147,103,157,163,214,54,63,56,164,133,54,58,77,27,858,853,796,592,584,580,652,646,608,262,491,49,68,8,1453,1277,1833,1043,29938,10544,29952,29954,5591,8,80,70,29977,29974,29973,29975,29974,29976,29978,29979,29979,29980,29980,29981,29982,29982,29982,29983,29983,29984,29989,29990,29996,29997,29997,29996,29998,29999]} 1. Nf3 g6 2. c4 Bg7 3. Nc3 c6 (3... d6 4. g3 e5 5. Bg2 f5 6. O-O Nf6 7. d3 O-O 8. Ne1 h6 9. b4 Nc6 10. b5 Ne7 11. Qd2 g5 12. f4 gxf4 13. gxf4 Ng6 14. e3 Kh7 15. Bb2 Nh4 {½-½ (51) Iturrizaga Bonelli,E (2650)-Guseinov,G (2646) chess.com INT 2018}) 4. e4 c5 5. d4 d6 6. dxc5 $146 {A10: English Opening: Unusual Replies for Black} ({Predecessor:} 6. Be3 Na6 7. h3 Bd7 8. Be2 h5 9. O-O Nb4 10. Qd2 Qc8 11. Rfd1 cxd4 12. Bxd4 Bh6 13. Be3 Bxe3 14. fxe3 {1-0 (46) Bender,I (2205)-Smodlaka,A Kastela 2002}) 6... dxc5 7. Qxd8+ Kxd8 8. Bf4 {White is slightly better.} Bxc3+ 9. bxc3 Nc6 10. h3 f6 11. e5 Bf5 12. O-O-O+ Ke8 13. Bd3 ({White should try} 13. Be2 $16) 13... Bxd3 $11 14. Rxd3 Rd8 15. Rd5 b6 16. e6 g5 17. Bc7 Rc8 18. Rd7 Kf8 19. Rhd1 Kg7 ({Better is} 19... h5 $14) 20. R1d6 $36 {[%mdl 2048] White is really pushing.} Na5 21. Nd2 Kg6 22. Rd5 Nc6 23. f4 $1 f5 {Threatens to win with ...Nf6.} 24. fxg5 {aiming for Nf3.} Kxg5 25. Nf3+ Kg6 (25... Kf6 $142) 26. Ne5+ Nxe5 27. Bxe5 Nf6 28. Rxe7 Rhe8 29. Bxf6 Kxf6 $18 {[%mdl 4096] Endgame KRR-KRR} 30. Rf7+ Kxe6 31. Rdxf5 Re7 (31... Rg8 $16) 32. R5f6+ Kd7 33. Rxe7+ Kxe7 {KR-KR} 34. Rh6 Rh8 35. g4 Kf7 36. Rd6 Re8 (36... h5 $142) 37. Kd2 $16 Re7 (37... Rh8 $142 38. a4 Ra8) 38. Kd3 $2 (38. a4 $18) 38... Re1 $1 $14 {[%cal Re1d1] And now ...Rd1+ would win.} 39. Rd7+ Kg6 $1 {...Rd1+ is the strong threat.} 40. Rxa7 Rh1 41. Rb7 Rxh3+ 42. Ke4 Rxc3 $2 {[%mdl 8192]} (42... Kg5 $11) 43. Rxb6+ $18 Kg5 44. Kd5 Ra3 45. Rb7 h6 46. Rg7+ Kf6 47. Rg8 (47. Rh7 $142 Kg5 48. Kxc5) 47... Rxa2 $2 (47... Rg3 48. Rf8+ (48. Kxc5 h5 $16) 48... Ke7) 48. Kxc5 $2 (48. Rh8 $1 $18 Kg7 49. Re8) 48... Rg2 $14 49. Kd5 (49. Rf8+ $1 $14 Ke7 50. Rh8) 49... Kf7 $2 {[%mdl 8192]} (49... h5 $11) 50. Rh8 $18 Kg7 51. Re8 Rxg4 52. c5 Rg1 53. c6 Rd1+ {[#]} 54. Ke6 $2 (54. Kc5 $1 $18 {Black must now prevent Re4.} Kf6 55. Rf8+ Ke7 56. Rb8) 54... Rc1 (54... h5 $1 $11) 55. Kd7 h5 $2 {[%mdl 8192]} (55... Rd1+ $14 56. Kc7 h5) 56. c7 {White mates.} Rd1+ 57. Kc6 Rc1+ 58. Kb6 Kg6 59. c8=Q Rxc8 60. Rxc8 {KR-KP} Kf5 61. Kc5 Kf4 62. Kd4 h4 63. Rf8+ Kg3 64. Ke3 h3 {[#]} 65. Rg8+ $1 Kh2 66. Kf2 Kh1 67. Rg1+ Kh2 68. Rg3 {Accuracy: White = 54%, Black = 37%.} 1-0

[Event "CRO Team Cup 2019"]
[Site "Losinj"]
[Date "2019.05.15"]
[Round "1.20"]
[White "Kovac, Petar"]
[Black "Cotic, Borna"]
[Result "0-1"]
[WhiteElo "1874"]
[BlackElo "2103"]
[Annotator "NA"]
[PlyCount "70"]
[EventDate "2019.05.15"]
[EventType "team-tourn"]
[EventCountry "CRO"]
[SourceTitle "playchess.com"]
[Source "ChessBase"]
[SourceQuality "1"]
[TimeControl "40/5400+30:1800+30"]

1. d4 {[%emt 0:00:30]} Nf6 {[%emt 0:00:30]} 2. c4 {[%emt 0:00:00]} e6 {[%emt 0:00:00]} 3. Nf3 {[%emt 0:00:00]} d5 {[%emt 0:00:00]} 4. g3 {[%emt 0:00:30]} Be7 {[%emt 0:00:30]} 5. Bg2 {[%emt 0:00:00]} O-O {[%emt 0:00:30]} 6. O-O {[%emt 0:00:00]} dxc4 {[%emt 0:00:30]} 7. Qc2 {[%emt 0:00:30]} a6 {[%emt 0:00:30]} 8. Qxc4 {[%emt 0:00:30]} b5 {[%emt 0:00:00]} 9. Qc2 {[%emt 0:00:30]} Bb7 {[%emt 0:00:00]} 10. Bf4 {[%emt 0:00:30]} Nd5 {[%emt 0:02:30] E05: Open Catalan: 5 Nf3 Be7} (10... Nc6 11. Rd1 Rc8 12. a3 Na5 13. Nc3 Nd5 14. b4 Nc4 15. Ne5 Nxe5 16. Bxe5 Nxc3 17. Bxb7 Nxd1 18. Rxd1 Qd7 19. Rc1 {1-0 (115) Meier,G (2628)-Dominguez Perez,L (2739) chess.com INT 2018}) 11. Rd1 {[%emt 0:02:30]} Nd7 {[%emt 0:04:30]} 12. e4 {[%emt 0:03:30]} Nxf4 {[%emt 0:10:30]} 13. gxf4 {[%emt 0:00:00]} Nf6 $146 {[%emt 0:02:30]} ({Predecessor:} 13... Qc8 14. Nc3 c5 15. d5 exd5 16. Nxd5 Bxd5 17. Rxd5 Nf6 18. Re5 {0-1 (27) Edgell,B (2005)-Spence,D (2174) Sunningdale 2007}) 14. Ne5 {[%emt 0:02:00]} Qd6 {[%emt 0:18:30]} 15. a3 {[%emt 0:04:30] [#]} c5 {[%emt 0:07:30]} (15... Nh5 $1 $17 {[%cal Rh5f4]} 16. Qc1 Rad8) 16. d5 {[%emt 0:07:30]} exd5 {[%emt 0:03:30]} 17. exd5 {[%emt 0:00:30]} Rad8 {[%emt 0:21:30]} 18. Nc3 {[%emt 0:04:30]} Qc7 {[%emt 0:00:30]} 19. Rd2 {[%emt 0:07:30]} Bd6 {[%emt 0:02:30]} 20. Re1 {[%emt 0:08:30]} Rfe8 {[%emt 0:01:30]} 21. Ne4 $17 {[%emt 0:24:30]} Nxe4 {[%emt 0:06:03]} 22. Bxe4 {[%emt 0:00:30]} h6 {[%emt 0:05:23]} 23. Rde2 {[%emt 0:02:30]} Bxe5 {[%emt 0:01:45]} 24. fxe5 {[%emt 0:00:30]} Bxd5 {[%emt 0:00:37]} 25. Bxd5 {[%emt 0:00:30]} Rxd5 {[%emt 0:00:09]} 26. f4 {[%emt 0:00:30]} c4 {[%emt 0:01:10]} 27. Rg2 {[%emt 0:00:30]} Rd3 {[%emt 0:01:22]} 28. Kh1 {[%emt 0:03:30]} Qd7 {[%emt 0:00:40]} 29. Reg1 {[%emt 0:00:30]} g6 {[%emt 0:00:50]} 30. Qf2 {[%emt 0:01:30]} Qf5 {[%emt 0:00:36]} 31. Qb6 {[%emt 0:03:30]} Re6 {[%emt 0:00:31]} 32. Qf2 {[%emt 0:03:30]} Kg7 {[%emt 0:00:41]} 33. Qh4 {[%emt 0:05:06]} Rd4 {[%emt 0:01:28]} 34. Rf2 {[%emt 0:00:16]} Qe4+ {[%emt 0:01:04]} 35. Rfg2 {[%emt 0:00:10]} Qxf4 {[%emt 0:00:31]} 0-1

[Event "CRO Team Cup 2019"]
[Site "Losinj"]
[Date "2019.05.16"]
[Round "2.1"]
[White "Krstic, Uros"]
[Black "Saric, Ivan"]
[Result "0-1"]
[WhiteElo "2361"]
[BlackElo "2694"]
[Annotator "TA"]
[PlyCount "118"]
[EventDate "2019.05.15"]
[EventType "team-tourn"]
[EventCountry "CRO"]
[SourceTitle "playchess.com"]
[Source "ChessBase"]
[SourceQuality "1"]

{[%evp 9,120,0,6,2,4,2,0,2,2,0,0,0,7,0,13,18,24,24,14,11,23,23,5,14,31,28,39,11,14,17,0,0,0,0,0,0,51,14,9,6,17,15,27,22,67,68,65,55,55,55,62,64,69,74,83,58,59,15,14,9,12,0,4,0,0,0,0,0,0,0,0,0,0,0,0,0,0,0,0,0,0,0,0,0,0,0,0,-2734,-2232,-6091,-7501,-29974,-29973,-29975,-29974,-29974,-29974,-29977,-29978,-29978,-29979,-29979,-29980,-29979,-29980,-29990,-29991,-29991,-29992,-29992,-29993,-29997,-29998]} 1. g3 e5 2. d4 e4 (2... exd4 3. Qxd4 Nc6 4. Qd3 d5 5. Nf3 Nf6 6. Bg2 Bc5 7. O-O O-O 8. a3 Bg4 9. b4 Bd6 10. Bb2 {½-½ (38) Sedlak,N (2547)-Livaic,L (2461) Mali Losinj 2017}) 3. c4 Nf6 4. Nc3 $146 ({Predecessor:} 4. Bg2 c6 5. d5 cxd5 6. cxd5 Bb4+ 7. Nc3 O-O 8. Bg5 h6 9. Bxf6 Qxf6 10. Qb3 Na6 11. Bxe4 Re8 12. Bg2 Nc5 {0-1 (27) Gamarra,R (1970)-Recalde,A (1906) Asuncion 2018}) 4... Bb4 5. Bg2 O-O 6. Bg5 {A00: Irregular Openings} Re8 7. Qc2 {[%cal Rg2e4]} h6 8. Bxf6 {The position is equal.} Qxf6 9. e3 Bxc3+ 10. Qxc3 d6 11. h3 Bf5 12. Ne2 Nd7 13. g4 Bh7 14. h4 Nf8 15. g5 hxg5 16. hxg5 Qxg5 17. Ng3 Qg4 18. Kd2 c5 19. Rag1 {And now dxc5 would win.} cxd4 20. Qxd4 Ne6 21. Bh3 Nxd4 22. Bxg4 Ne6 (22... Nf3+ $11 23. Bxf3 exf3) 23. Rh5 {[%mdl 1024] White has compensation.} Bg6 $132 {[%mdl 2048] Black is not holding back} 24. Rd5 Rad8 25. Bf5 Nc7 26. Rd4 d5 27. Bxg6 fxg6 28. Ke2 b5 29. cxd5 Rxd5 30. Rgd1 Rde5 31. Rd7 Rc5 32. R1d2 a5 33. Rd8 Rce5 $1 34. R2d7 Kh7 35. Kd2 g5 36. Rxe8 Nxe8 $11 {[%mdl 4096] Endgame KRN-KRN} 37. Kc3 Nf6 38. Rd8 Rc5+ 39. Kd2 $1 Kg6 40. a3 a4 41. Rd4 Re5 42. Rb4 g4 43. Ne2 Kg5 44. Nc3 g3 45. fxg3 Kg4 46. Rxb5 Rxb5 47. Nxb5 Kxg3 {[#] Strongly threatening ...g5. KN-KN} 48. Ke2 $2 {[%mdl 8192]} (48. Nc3 $11) 48... g5 $19 49. Nd4 g4 50. b3 axb3 {Black mates.} 51. Nxb3 Kh3 52. Nd4 g3 53. a4 g2 54. Kf2 Kh2 55. Ne2 Nd7 56. a5 Nc5 {[%cal Rc5d3]} 57. Ng1 Nd3+ 58. Ke2 Kxg1 59. a6 Kh2 0-1

[Event "CRO Team Cup 2019"]
[Site "Losinj"]
[Date "2019.05.16"]
[Round "2.2"]
[White "Markus, Robert"]
[Black "Vernacki, Srdjan"]
[Result "1-0"]
[WhiteElo "2595"]
[BlackElo "2338"]
[Annotator "ChessBase"]
[PlyCount "73"]
[EventDate "2019.05.15"]
[EventType "team-tourn"]
[EventCountry "CRO"]
[SourceTitle "playchess.com"]
[Source "ChessBase"]
[SourceQuality "1"]
[TimeControl "40/5400+30:1800+30"]

1. d4 {[%emt 0:00:30]} Nf6 {[%emt 0:00:30]} 2. c4 {[%emt 0:00:00]} c5 {[%emt 0:00:00]} 3. d5 {[%emt 0:00:00]} e6 {[%emt 0:00:00]} 4. Nc3 {[%emt 0:00:30]} exd5 {[%emt 0:00:00]} 5. cxd5 {[%emt 0:00:00]} d6 {[%emt 0:00:00]} 6. Nf3 {[%emt 0:01:00]} g6 {[%emt 0:00:00]} 7. Nd2 {[%emt 0:00:30]} Bg7 {[%emt 0:00:00]} 8. e4 {[%emt 0:00:00]} O-O {[%emt 0:00:30]} 9. Be2 {[%emt 0:00:00]} a6 {[%emt 0:01:30]} 10. a4 {[%emt 0:00:30]} Re8 {[%emt 0:00:30]} 11. O-O {[%emt 0:00:00]} Nbd7 {[%emt 0:00:00]} 12. Qc2 {[%emt 0:08:00]} Ne5 {[%emt 0:04:00]} 13. Nb3 {[%emt 0:12:30]} c4 {[%emt 0:15:30]} 14. Nd4 {[%emt 0:04:30]} Qb6 {[%emt 0:04:30]} 15. a5 {[%emt 0:08:30]} Qxd4 {[%emt 0:08:30]} 16. Be3 {[%emt 0:00:00]} Nf3+ {[%emt 0:00:30]} 17. Bxf3 {[%emt 0:00:00]} Qe5 {[%emt 0:00:00]} 18. Qd1 {[%emt 0:15:30]} Bd7 {[%emt 0:09:00]} 19. Bd4 {[%emt 0:08:30]} Qe7 {[%emt 0:11:30]} 20. Re1 {[%emt 0:03:30]} h5 {[%emt 0:06:30]} 21. Qd2 {[%emt 0:05:30]} Bg4 {[%emt 0:20:44]} 22. Bd1 {[%emt 0:00:30]} Bxd1 {[%emt 0:02:21]} 23. Raxd1 {[%emt 0:00:30]} Qc7 {[%emt 0:05:39]} 24. Bb6 {[%emt 0:03:30]} Qd7 {[%emt 0:04:54]} 25. f4 {[%emt 0:02:30]} Rac8 {[%emt 0:02:39]} 26. h3 {[%emt 0:02:30]} Nh7 {[%emt 0:01:58]} 27. Kh1 {[%emt 0:03:30]} Bh6 {[%emt 0:01:31]} 28. Qf2 {[%emt 0:01:30]} g5 {[%emt 0:00:40]} 29. fxg5 {[%emt 0:03:55]} Bxg5 {[%emt 0:00:01]} 30. e5 {[%emt 0:02:13]} Rxe5 {[%emt 0:00:30]} 31. Rxe5 {[%emt 0:00:37]} dxe5 {[%emt 0:00:02]} 32. Ne4 {[%emt 0:00:00]} Bf4 {[%emt 0:01:13]} 33. d6 {[%emt 0:01:34]} Qa4 {[%emt 0:00:44]} 34. Qe2 {[%emt 0:00:19]} Nf8 {[%emt 0:00:31]} 35. d7 {[%emt 0:01:33]} Nxd7 {[%emt 0:00:24]} 36. Rxd7 {[%emt 0:00:05]} Rc6 {[%emt 0:00:38]} 37. Qxh5 {[%emt 0:00:52]} 1-0

[Event "CRO Team Cup 2019"]
[Site "Losinj"]
[Date "2019.05.16"]
[Round "2.3"]
[White "Trbojevic, Mladen"]
[Black "Jovanic, Ognjen"]
[Result "0-1"]
[WhiteElo "2331"]
[BlackElo "2511"]
[Annotator "TA"]
[PlyCount "98"]
[EventDate "2019.05.15"]
[EventType "team-tourn"]
[EventCountry "CRO"]
[SourceTitle "playchess.com"]
[Source "ChessBase"]
[SourceQuality "1"]

{[%evp 21,98,50,28,33,32,27,39,8,41,44,45,28,50,45,53,0,47,29,27,31,40,15,52,35,69,63,95,91,92,86,83,56,112,83,105,91,78,97,115,129,123,90,87,0,0,0,24,17,20,10,30,0,23,29,21,18,152,0,0,-170,-158,-122,-134,-501,-503,-6103,-5194,-2740,-2509,-29975,-29972,-29984,-29985,-29985,-29986,-29991,-29992,-29992,-29993]} 1. e4 c5 2. Nf3 e6 3. d4 cxd4 4. Nxd4 Nc6 5. Nc3 Qc7 6. g3 a6 7. Bg2 d6 8. Nxc6 bxc6 9. O-O Nf6 10. b3 Be7 11. Bb2 O-O 12. Na4 {B80: Sicilian Scheveningen: 6 g3 and 6 Be3, including English Attack} e5 (12... Rb8 13. c4 c5 14. f4 Nd7 15. Qe2 Bb7 16. Rae1 Rbd8 17. Nc3 Nb8 18. Qg4 g6 19. f5 Nd7 20. fxe6 {1-0 (52) Morozevich,A (2721)-Svidler,P (2765) Moscow 2006}) 13. c4 Nd7 $146 ({Predecessor:} 13... Be6 14. Qe2 Nd7 15. f4 f6 16. Rad1 Nb6 17. Nc3 {1-0 (34) Codenotti,M (2451)-Bjerre,J (2410) Ortisei 2016}) 14. Qe2 {White is slightly better.} a5 15. Qe3 Re8 16. Rac1 Bb7 17. Bh3 Bc8 18. Bg2 Bb7 19. Rfd1 c5 20. Nc3 Nf8 21. Nd5 Bxd5 22. cxd5 Qb7 23. a4 h6 24. h4 Nh7 25. Bf1 $36 {[%mdl 2048] White has strong initiative.} Rf8 26. Bb5 {And now Bc6 would win.} Qc7 (26... Qc8 $14) 27. f4 exf4 28. Qxf4 Bf6 {[#]} 29. e5 $1 {[%cal Re5f6]} Bxe5 30. Bxe5 dxe5 31. Qe3 Qd6 32. Rxc5 ({White should try} 32. Qxc5 $16 Rfd8 33. Qxd6 Rxd6 34. Re1) 32... Rfc8 33. Rdc1 Rxc5 34. Qxc5 Qg6 35. Qe3 Qd6 36. Qc5 (36. Rc6 $5 {[%cal Rc6d6]} Qxd5 37. Qd3 Qxd3 38. Bxd3 $11) 36... Qg6 37. Qc3 e4 38. Kg2 Rd8 (38... Nf6 $11 {remains equal.}) 39. Qe5 $2 (39. Qxa5 $16 Qd6 40. Be2) 39... Nf6 $11 40. Bc6 $2 (40. Bc4 $11 {and White is okay.}) 40... Ng4 41. Qf4 f5 {...Qf6 is the strong threat.} 42. Qd2 $2 {[%mdl 8192] [#]} (42. Bb5 $17 {is a better chance.}) 42... f4 $1 $19 {[%mdl 512]} 43. d6 (43. gxf4 $142 Ne5+ 44. Kh1 Nxc6 {[%mdl 64] Pin} 45. Qg2) (43. Qxf4 Rf8) 43... Ne3+ 44. Kh1 Rxd6 45. Qxa5 Nf5 {Black mates.} 46. Bd5+ Kh7 47. Qa8 Nxg3+ 48. Kh2 {[#]} Rxd5 $1 {[%mdl 512]} 49. Qxd5 Ne2 {Accuracy: White = 34%, Black = 57%.} 0-1

[Event "CRO Team Cup 2019"]
[Site "Losinj"]
[Date "2019.05.16"]
[Round "2.4"]
[White "Plenca, Jadranko"]
[Black "Tomasic, Roland"]
[Result "1-0"]
[WhiteElo "2468"]
[BlackElo "2133"]
[Annotator "TA"]
[PlyCount "83"]
[EventDate "2019.05.15"]
[EventType "team-tourn"]
[EventCountry "CRO"]
[SourceTitle "playchess.com"]
[Source "ChessBase"]
[SourceQuality "1"]

{[%evp 10,83,67,26,37,-6,26,12,11,13,18,4,28,24,12,20,29,18,32,27,45,26,52,27,39,0,23,18,28,4,18,5,18,18,30,31,24,15,44,43,103,104,93,91,108,69,66,70,176,149,345,341,465,434,454,464,456,456,525,526,564,564,754,751,754,691,793,791,782,772,749,675,676,669,640,626]} 1. e4 e6 2. d4 d5 3. Nc3 dxe4 4. Nxe4 Bd7 5. Nf3 Bc6 6. Ng3 Nf6 {C10: French with 3 Nc3: Unusual Black 3rd moves and 3...dxe4} (6... Bxf3 7. Qxf3 c6 8. Be3 Nf6 9. Be2 Nbd7 10. O-O-O Bd6 11. Kb1 Qc7 12. c4 c5 13. Ne4 Nxe4 14. Qxe4 {½-½ (27) Socko,B (2623)-Horvath,C (2553) Civitanova Marche 2015}) 7. Ne5 Be7 (7... Ba4 {is interesting.} 8. Qd2 Nc6 9. Nf3 h5 10. h4 Nb4) 8. Nxc6 Nxc6 {The position is equal.} 9. c3 Qd5 10. Qb3 O-O-O $146 ({Predecessor:} 10... Qxb3 11. axb3 O-O 12. Bb5 Nb8 13. O-O c6 14. Bd3 {½-½ (55) Katscher,K (1809)-Kohls,V (1726) Germany 2005}) 11. Qxd5 Nxd5 12. Bb5 Nb8 13. Ne4 h6 14. O-O g5 15. Re1 c6 16. Bf1 Nd7 17. Bd2 (17. a4 {seems wilder.} Rdg8 18. a5 h5 19. b4 g4 20. Bd2) 17... N5f6 18. Nxf6 Bxf6 19. Be3 Nb6 20. g3 Nd5 21. Bd2 Nc7 22. Rad1 h5 23. a4 Rdg8 24. b4 {[%cal Bb2b4,Bb4b5][%mdl 32]} Be7 (24... Rd8 $14) 25. b5 $16 c5 26. dxc5 Bxc5 27. Re5 Be7 $1 28. Be3 f6 (28... Rd8 $14 29. Rxd8+ Rxd8) 29. Re4 $36 {[%mdl 2048] White is in control.} b6 $2 {[#]} (29... Rd8 $16 {keeps fighting.} 30. Rxd8+ Rxd8) 30. a5 $1 {[%mdl 512]} Bc5 (30... bxa5 31. Bxa7) 31. Bxc5 {White is clearly winning.} bxc5 32. b6 axb6 33. axb6 Nd5 34. Rxe6 Nxc3 35. Rc1 Kd7 36. Rxf6 ({Not} 36. Rxc3 Kxe6 37. Bc4+ Kd6 $11) 36... Ne4 37. Rf7+ Kd6 38. Rd1+ Kc6 39. Bg2 Re8 40. Re1 Kxb6 41. Bxe4 {White threatens Rb7+ and mate.} c4 42. Rf5 {Accuracy: White = 69%, Black = 35%.} 1-0

[Event "CRO Team Cup 2019"]
[Site "Losinj"]
[Date "2019.05.16"]
[Round "2.5"]
[White "Kozul, Zdenko"]
[Black "Jovanovic, Zoran"]
[Result "1-0"]
[WhiteElo "2582"]
[BlackElo "2512"]
[Annotator "ChessBase"]
[PlyCount "71"]
[EventDate "2019.05.15"]
[EventType "team-tourn"]
[EventCountry "CRO"]
[SourceTitle "playchess.com"]
[Source "ChessBase"]
[SourceQuality "1"]
[TimeControl "40/5400+30:1800+30"]

1. d4 {[%emt 0:01:30]} d6 {[%emt 0:01:30]} 2. Nf3 {[%emt 0:00:00]} g6 {[%emt 0:00:30]} 3. c4 {[%emt 0:00:00]} Bg7 {[%emt 0:00:30]} 4. Nc3 {[%emt 0:00:30]} Bg4 {[%emt 0:01:30]} 5. e3 {[%emt 0:00:30]} e5 {[%emt 0:02:30]} 6. d5 {[%emt 0:01:30]} a5 {[%emt 0:09:30]} 7. e4 {[%emt 0:05:30]} Nd7 {[%emt 0:03:30]} 8. h3 {[%emt 0:02:30]} Bxf3 {[%emt 0:00:30]} 9. Qxf3 {[%emt 0:00:30]} h5 {[%emt 0:06:30]} 10. Bd3 {[%emt 0:08:30]} Bh6 {[%emt 0:03:30]} 11. Bxh6 {[%emt 0:01:30]} Nxh6 {[%emt 0:00:30]} 12. O-O-O {[%emt 0:00:30]} h4 {[%emt 0:06:30]} 13. Kb1 {[%emt 0:01:30]} Ng8 {[%emt 0:01:30]} 14. Qe3 {[%emt 0:12:30]} Ngf6 {[%emt 0:02:30]} 15. Be2 {[%emt 0:00:30]} Kf8 {[%emt 0:04:30]} 16. Rdg1 {[%emt 0:06:30]} Nh5 {[%emt 0:19:30]} 17. g3 {[%emt 0:02:30]} Nc5 {[%emt 0:01:30]} 18. Bxh5 {[%emt 0:06:30]} Rxh5 {[%emt 0:00:00]} 19. g4 {[%emt 0:00:00]} Rh7 {[%emt 0:00:00]} 20. f4 {[%emt 0:01:00]} exf4 {[%emt 0:01:30]} 21. Qxf4 {[%emt 0:00:00]} Qe7 {[%emt 0:02:30]} 22. Kc2 {[%emt 0:01:00]} Re8 {[%emt 0:00:30]} 23. Re1 {[%emt 0:00:30]} Qe5 {[%emt 0:00:30]} 24. Rhf1 {[%emt 0:03:30]} Qd4 {[%emt 0:05:30]} 25. Rf3 {[%emt 0:11:30]} Qxc4 {[%emt 0:05:44]} 26. Qg5 {[%emt 0:02:30]} Qd4 {[%emt 0:04:13]} 27. e5 {[%emt 0:07:30]} Rxe5 {[%emt 0:06:21]} 28. Qd8+ {[%emt 0:02:30]} Kg7 {[%emt 0:00:04]} 29. Ref1 {[%emt 0:00:00]} f5 {[%emt 0:03:13]} 30. Qxc7+ {[%emt 0:02:00]} Kg8 {[%emt 0:00:30]} 31. Qd8+ {[%emt 0:07:06]} Kg7 {[%emt 0:00:17]} 32. gxf5 {[%emt 0:00:12]} Rxf5 {[%emt 0:07:24]} 33. Rxf5 {[%emt 0:00:00]} gxf5 {[%emt 0:00:41]} 34. Qg5+ {[%emt 0:00:00]} Kh8 {[%emt 0:00:30]} 35. Rxf5 {[%emt 0:00:29]} Qg7 {[%emt 0:00:30]} 36. Qd8+ {[%emt 0:00:00]} 1-0

[Event "CRO Team Cup 2019"]
[Site "Losinj"]
[Date "2019.05.16"]
[Round "2.6"]
[White "Bukal, Vladimir Jr."]
[Black "Stevic, Hrvoje"]
[Result "1-0"]
[WhiteElo "2396"]
[BlackElo "2580"]
[Annotator "TA"]
[PlyCount "77"]
[EventDate "2019.05.15"]
[EventType "team-tourn"]
[EventCountry "CRO"]
[SourceTitle "playchess.com"]
[Source "ChessBase"]
[SourceQuality "1"]

{[%evp 9,77,20,44,-2,20,9,7,8,11,2,6,7,5,8,18,16,10,16,20,9,33,35,70,94,89,64,66,8,8,9,6,5,5,7,10,3,12,4,7,0,5,4,15,4,11,0,35,0,155,164,158,14,259,251,746,720,762,758,762,735,219,631,753,754,752,719,774,722,726,671]} 1. Nf3 d5 2. c4 dxc4 3. e3 Nf6 4. Bxc4 e6 5. O-O a6 (5... c5 6. b3 Be7 7. Bb2 Nc6 8. d4 cxd4 9. Nxd4 Nxd4 10. Bxd4 O-O 11. Nd2 Bd7 12. Nf3 Bc6 13. Ne5 Bd5 14. Bd3 Bd6 15. Ng4 Be7 {½-½ (48) Bocharov,D (2533)-Vallejo Pons,F (2695) St Petersburg 2018}) 6. Qe2 {A09: Réti Opening: 1 Nf3 d5 2 c4} c5 7. Rd1 b5 8. Bb3 {The position is equal.} Bb7 9. a4 Nbd7 10. axb5 axb5 11. Rxa8 Qxa8 12. Na3 b4 13. Nc4 $146 Be7 14. d3 Nd5 15. e4 N5b6 16. Nxb6 $1 Nxb6 17. Ne5 {Threatens to win with Qg4.} Bf6 18. Ng4 ({White should play} 18. d4 $14 O-O 19. dxc5 Bxe5 20. cxb6) 18... Bd4 $11 19. Be3 Qd8 20. f4 O-O 21. Qf2 Bxe3 22. Qxe3 Qd6 23. Ne5 Rc8 24. Ra1 h6 25. h3 Rc7 26. Kh1 Kh7 27. Ra5 Kg8 (27... f6 $5 {[%cal Rf6e5]} 28. Nf3 Nc8 $14) 28. Qg3 Nd7 $2 (28... c4 $11 29. dxc4 Nd7) 29. Nc4 $36 {[%mdl 2048] White is really pushing.} Qe7 {[#]} 30. Ra7 ({White should try} 30. f5 $1 $16 e5 31. Ra7) 30... Nb8 $2 (30... Nf6 $11 {and Black is okay.}) 31. f5 $18 Nc6 $2 {[#]} (31... exf5 32. Ne3 (32. exf5 Bxg2+ {[%mdl 64] Discovered Attack} 33. Kxg2 Rxa7 $17) 32... Nc6) 32. f6 $1 {[%mdl 576] Deflection} Qxf6 33. Qxc7 Nxa7 34. Qxb7 Qf1+ 35. Kh2 Qf4+ {[#]White is clearly winning.} 36. Kg1 $1 ({And not} 36. g3 Qf2+ 37. Kh1 Qe1+ 38. Kh2 Qf2+ 39. Kh1 Qe1+ 40. Kh2 Qf2+ $11) 36... Qc1+ 37. Kf2 Qa1 38. Qb6 Kh7 39. Qxc5 {Accuracy: White = 56%, Black = 30%.} 1-0

[Event "CRO Team Cup 2019"]
[Site "Losinj"]
[Date "2019.05.16"]
[Round "2.7"]
[White "Palac, Mladen"]
[Black "Dutina, Dario"]
[Result "1-0"]
[WhiteElo "2546"]
[BlackElo "2225"]
[Annotator "RC"]
[PlyCount "57"]
[EventDate "2019.05.15"]
[EventType "team-tourn"]
[EventCountry "CRO"]
[SourceTitle "playchess.com"]
[Source "ChessBase"]
[SourceQuality "1"]
[TimeControl "40/5400+30:1800+30"]

1. d4 {[%emt 0:06:30]} f5 {[%emt 0:02:30]} 2. Bg5 {[%emt 0:00:30]} h6 {[%emt 0:04:30]} 3. Bh4 {[%emt 0:00:30]} g5 {[%emt 0:06:30]} 4. e3 {[%emt 0:00:30]} Nf6 {[%emt 0:00:00]} 5. Bg3 {[%emt 0:00:00]} Bg7 {[%emt 0:02:00]} 6. Nd2 {[%emt 0:05:00]} b6 {[%emt 0:10:30]} 7. h4 {[%emt 0:10:30]} g4 {[%emt 0:18:30]} 8. h5 {[%emt 0:00:30]} O-O {[%emt 0:10:30]} 9. Ne2 {[%emt 0:05:30]} d5 {[%emt 0:09:30]} 10. Nf4 {[%emt 0:01:30]} Re8 {[%emt 0:03:30]} 11. c4 {[%emt 0:06:30]} c5 {[%emt 0:04:30]} 12. cxd5 {[%emt 0:14:30]} cxd4 {[%emt 0:00:30]} 13. Bb5 {[%emt 0:00:30]} e5 {[%emt 0:11:57]} 14. dxe6 {[%emt 0:00:30]} Re7 {[%emt 0:03:28]} 15. Nb3 {[%emt 0:04:30]} Nd5 {[%emt 0:04:55]} 16. Ng6 {[%emt 0:08:30]} Rxe6 {[%emt 0:01:56]} 17. Nxd4 {[%emt 0:00:30]} Re4 {[%emt 0:02:21]} 18. Bc6 {[%emt 0:17:29]} Rxd4 {[%emt 0:00:25]} 19. Bxd5+ {[%emt 0:01:33]} Kh7 {[%emt 0:00:46]} 20. exd4 {[%emt 0:01:47]} Qxd5 {[%emt 0:00:16]} 21. O-O {[%emt 0:00:03]} Bb7 {[%emt 0:00:30]} 22. Nf4 {[%emt 0:01:00]} Qxd4 {[%emt 0:00:39]} 23. Qb3 {[%emt 0:03:47]} Na6 {[%emt 0:00:35]} 24. Qf7 {[%emt 0:01:29]} Be4 {[%emt 0:00:21]} 25. Rad1 {[%emt 0:02:59]} Qxb2 {[%emt 0:00:26]} 26. Ne6 {[%emt 0:02:06]} Nc5 {[%emt 0:00:43]} 27. Nxc5 {[%emt 0:00:35]} bxc5 {[%emt 0:00:05]} 28. Rd7 {[%emt 0:00:02]} Rf8 {[%emt 0:00:25]} 29. Qxf8 {[%emt 0:00:52]} 1-0